ARRUPE JESUIT UNIVERSITY

CORONAVIRUS -STOP THE SPREAD - CLEAN,DISINFECT,COVER

The Firm : (Record no. 130323)

MARC details
000 -LEADER
fixed length control field 01447cam a2200337 a 4500
001 - CONTROL NUMBER
control field 13921504
003 - CONTROL NUMBER IDENTIFIER
control field ARRUPE
005 - DATE AND TIME OF LATEST TRANSACTION
control field 20200207102806.0
008 - FIXED-LENGTH DATA ELEMENTS--GENERAL INFORMATION
fixed length control field 050406s2005 nyua 000 0deng
010 ## - LIBRARY OF CONGRESS CONTROL NUMBER
LC control number 2005045528
020 ## - INTERNATIONAL STANDARD BOOK NUMBER
International Standard Book Number 0312352743
040 ## - CATALOGING SOURCE
Original cataloging agency DLC
Transcribing agency DLC
Modifying agency DLC
043 ## - GEOGRAPHIC AREA CODE
Geographic area code e-uk---
050 00 - LIBRARY OF CONGRESS CALL NUMBER
Classification number DA28.35.W54
Item number J86 2005
082 00 - DEWEY DECIMAL CLASSIFICATION NUMBER
Classification number 941.085/092/2
Edition number 22
300 ## - PHYSICAL DESCRIPTION
Other physical details ill. (some col.) ;
Dimensions 25 cm.
100 1# - MAIN ENTRY--PERSONAL NAME
Personal name Junor, Penny.
9 (RLIN) 49434
245 14 - TITLE STATEMENT
Title The Firm :
Remainder of title the troubled life of the House of Windsor /
Statement of responsibility, etc Penny Junor.
250 ## - EDITION STATEMENT
Edition statement 1st ed.
260 ## - PUBLICATION, DISTRIBUTION, ETC. (IMPRINT)
Place of publication, distribution, etc New York :
Name of publisher, distributor, etc Harper Collins Publishers,
Date of publication, distribution, etc 2005.
300 ## - PHYSICAL DESCRIPTION
Extent xxi, 442 p., [15] p. of plates :
504 ## - BIBLIOGRAPHY, ETC. NOTE
Bibliography, etc Includes bibliographic references (p. 431-432) and index.
600 30 - SUBJECT ADDED ENTRY--PERSONAL NAME
Personal name Windsor, House of.
9 (RLIN) 49435
600 00 - SUBJECT ADDED ENTRY--PERSONAL NAME
Personal name Elizabeth
Numeration II,
Titles and other words associated with a name Queen of Great Britain,
Dates associated with a name 1926-
General subdivision Family.
9 (RLIN) 49436
650 #0 - SUBJECT ADDED ENTRY--TOPICAL TERM
Topical term or geographic name as entry element Monarchy
Geographic subdivision Great Britain
General subdivision History
Chronological subdivision 20th century.
9 (RLIN) 49437
651 #0 - SUBJECT ADDED ENTRY--GEOGRAPHIC NAME
Geographic name Great Britain
General subdivision Politics and government
Chronological subdivision 20th century.
9 (RLIN) 37076
856 42 - ELECTRONIC LOCATION AND ACCESS
Materials specified Contributor biographical information
Uniform Resource Identifier <a href="http://www.loc.gov/catdir/enhancements/fy0624/2005045528-b.html">http://www.loc.gov/catdir/enhancements/fy0624/2005045528-b.html</a>
856 42 - ELECTRONIC LOCATION AND ACCESS
Materials specified Publisher description
Uniform Resource Identifier <a href="http://www.loc.gov/catdir/enhancements/fy0624/2005045528-d.html">http://www.loc.gov/catdir/enhancements/fy0624/2005045528-d.html</a>
906 ## - LOCAL DATA ELEMENT F, LDF (RLIN)
a 7
b cbc
c orignew
d 1
e ocip
f 20
g y-gencatlg
942 ## - ADDED ENTRY ELEMENTS (KOHA)
Source of classification or shelving scheme Library of Congress Classification
Koha item type Monograph ( Printed materials)
Holdings
Withdrawn status Lost status Source of classification or shelving scheme Damaged status Not for loan Collection code Home library Current library Shelving location Date acquired Total Checkouts Full call number Barcode Date last seen Price effective from Koha item type
    Library of Congress Classification     Main Collection ARRUPE LIBRARY ARRUPE LIBRARY Main Collection 07/02/2020   DA28.35.W54 J86 2005 46600006466 07/02/2020 07/02/2020 Monograph ( Printed materials)

 

Arrupe Library. PO Box MP320 Mt Pleasant, Harare, Zimbabwe
263 242 745411|librarian@aju.ac.zw